000 00647nam a22002057a 4500
005 20251108172021.0
008 250721s1995 xx 000 0 ara d
082 1 4 _a364.34/محم
100 1 _aربيع، محمد شحاته
245 1 0 _aعلم النفس الجنائي /
264 1 _aالقاهرة :
_bدار غريب للطباعة و النشر و التوزيع،
_c1995.
300 _a654ص
650 1 7 _aعلم النفس الجنائي
650 1 7 _aالجريمة
650 1 7 _aالمجرمون
700 1 _aيوسف، جمعه سيد
700 1 _aعبد الله، معتز سيد
942 _2ddc
_cBK
999 _c68379
_d68379